Les coéquipiers d'Eden Hazard à Chelsea - Statistiques

Statistiques générales
  • Ce quiz a été pris 150 fois
  • Le résultat moyen est 39 sur 80
Statistiques - réponses
Saisons Nationalité Joueur Nombre de matchs Poste % Correct
2013-2019 Brésil Willian 215 A
93%
2016-2019 France N'Golo Kanté 127 M
91%
2012-2019 Espagne César Azpilicueta 292 D
90%
2014-2018 Belgique Thibaut Courtois 140 G
90%
2012-2015 République Tchèque Petr Cech 114 G
89%
2012-2017 Angleterre John Terry 149 D
87%
2012-2014, 2016-2019 Brésil David Luiz 176 D
86%
2012-2017 Serbie Branislav Ivanovic 190 D
82%
2013-2014 Sénégal Demba Ba 35 A
79%
2014-2015 Côte d'Ivoire Didier Drogba 36 A
79%
2014-2018 Espagne Diego Costa 108 A
79%
2012-2019 Angleterre Gary Cahill 239 D
79%
2014-2015 Egypte Mohamed Salah 9 A
79%
2012-2017 Brésil Oscar 165 M
78%
2014-2019 Espagne Cesc Fàbregas 161 M
76%
2012-2014 Angleterre Frank Lampard 73 M
76%
2018-2019 Italie Jorginho 46 M
76%
2018-2019 Espagne Kepa Arrizabalaga 48 G
76%
2015-2019 Espagne Pedro 123 A
76%
2018-2019 France Olivier Giroud 48 A
74%
2013-2014 Belgique Kevin De Bruyne 5 M
73%
2018-2019 Croatie Mateo Kovacic 44 M
73%
2012-2016 Brésil Ramires 142 M
71%
2014-2017 Serbie Nemanja Matic 137 M
69%
2015-2019 Danemark Andreas Christensen 58 D
68%
2017-2019 Allemagne Antonio Rüdiger 75 D
68%
2013-2014 Belgique Romelu Lukaku 3 A
67%
2013-2014 Cameroun Samuel Eto'o 26 A
66%
2012-2015 Espagne Fernando Torres 88 A
65%
2012-2017 Nigéria John Obi Mikel 107 M
65%
2017-2019 Espagne Álvaro Morata 53 A
64%
2012-2014 Espagne Juan Mata 69 M
63%
2012-2013, 2016-2019 Nigéria Victor Moses 102 D/A
62%
2016-2019 Espagne Marcos Alonso 106 D
60%
2016-2018 Belgique Michy Batshuayi 29 A
58%
2013-2015 Allemagne André Schürrle 49 A
56%
2012-2014 Angleterre Ashley Cole 67 D
56%
2013-2014 Ghana Michael Essien 4 M
56%
2014-2017 France Kurt Zouma 56 D
52%
2015-2016 Colombie Radamel Falcao 9 A
51%
2015-2017 Bosnie-Herzégovine Asmir Begovic 27 G
48%
2018-2019 Italie Emerson 28 D
47%
2017-2019 Italie Davide Zappacosta 35 D
45%
2019 Argentine Gonzalo Higuaín 17 A
43%
2015 Colombie Juan Cuadrado 14 M/A
43%
2017-2018 France Tiemoué Bakayoko 37 M
43%
2017-2019 Argentine Willy Caballero 14 G
43%
2015-2016 Burkina Faso Bertrand Traoré 12 A
40%
2014-2016 France Loïc Rémy 31 A
40%
2017-2018 Belgique Charly Musonda 3 A
34%
2014-2017, 2018-2019 Angleterre Ruben Loftus-Cheek 42 M
34%
2017-2019 Angleterre Danny Drinkwater 14 M
33%
2014-2015 Brésil Filipe Luís 21 D
29%
2012-2017 Pays-Bas Nathan Aké 11 D
28%
2015-2016 Ghana Abdul Rahman Baba 19 D
27%
2017-2019 Pays de Galles Ethan Ampadu 3 D
27%
2015-2016 Angleterre Tammy Abraham 2 A
27%
2012-2013 Israël Yossi Benayoun 6 A
27%
2018-2019 Angleterre Ross Barkley 40 M
24%
2012-2013 Angleterre Daniel Sturridge 10 A
21%
2016-2017 Angleterre Nathaniel Chalobah 9 M
21%
2012-2013 Portugal Raúl Meireles 2 M
21%
2018-2019 Angleterre Callum Hudson-Odoi 15 A
20%
2012-2014 Angleterre Ryan Bertrand 34 D
20%
2014-2015 Angleterre Dominic Solanke 1 A
18%
2017-2018 Angleterre Dujon Sterling 1 D
18%
2012-2013 Brésil Lucas Piazón 2 M
18%
2013-2014 Pays-Bas Marco Van Ginkel 3 M
18%
2016-2017 Angleterre Fikayo Tomori 1 D
17%
2015-2018 Brésil Kenedy 13 A
15%
2013-2015 Australie Mark Schwarzer 7 G
15%
2013-2014 République Tchèque Tomas Kalas 2 D
15%
2012-2013 Portugal Paulo Ferreira 5 D
13%
2016-2017 Nigéria Ola Aina 4 D
12%
2012-2013 Espagne Oriol Romeu 8 M
12%
2012-2013 Allemagne Marko Marin 6 M
11%
2012-2013 Angleterre Ross Turnbull 5 G
8%
2014-2015 Angleterre Izzy Brown 1 A
6%
2017-2018 Angleterre Jake Clarke-Salter 1 D
4%
2013-2014 Angleterre Lewis Baker 1 M
4%
Aucun quiz correspondant
Distribution des résultats
% des personnes avec chaque résultat
Percentile par nombre de réponses
Votre historique - résultats
Vous n’avez pas pris ce quiz